Central Library OPAC University of Rajshahi

The greenhouse effect and ozone layer / (Record no. 37269)

MARC details
000 -LEADER
fixed length control field 00780nam a2200265 a 4500
001 - CONTROL NUMBER
control field 37269
003 - CONTROL NUMBER IDENTIFIER
rucl marc code BD-RjUL
005 - DATE AND TIME OF LATEST TRANSACTION
control field 20211209052608.0
008 - FIXED-LENGTH DATA ELEMENTS--GENERAL INFORMATION
fixed length control field 141119s1989 enka 001 0 eng d
020 ## - INTERNATIONAL STANDARD BOOK NUMBER
International Standard Book Number 0852198221
International Standard Book Number 0713466979 (pbk.)
035 ## - SYSTEM CONTROL NUMBER
System control number (BD-RjUL)37372
040 ## - CATALOGING SOURCE
Original cataloging agency BD-RjUL
Language of cataloging eng
Transcribing agency BD-RjUL
041 ## - LANGUAGE CODE
Language code of text/sound track or separate title eng
082 ## - DEWEY DECIMAL CLASSIFICATION NUMBER
Classification number 551.6
Edition number 19
Author mark and year NEG 1989
100 1# - MAIN ENTRY--PERSONAL NAME
Personal name Neal, Philip,
Dates associated with a name 1923-
9 (RLIN) 114171
245 14 - TITLE STATEMENT
Title The greenhouse effect and ozone layer /
Statement of responsibility, etc. Philip Neal.
260 ## - PUBLICATION, DISTRIBUTION, ETC. (IMPRINT)
Place of publication, distribution, etc. London :
Name of publisher, distributor, etc. Dryad ;
Place of publication, distribution, etc. London :
Name of publisher, distributor, etc. Batsford,
Date of publication, distribution, etc. 1989.
300 ## - PHYSICAL DESCRIPTION
Pagination 64 p. ;
Illustrations ill. ;
Size 25 cm
650 #0 - SUBJECT ADDED ENTRY--TOPICAL TERM
Topical term or geographic name as entry element Atmospheric carbon dioxide
9 (RLIN) 114172
Topical term or geographic name as entry element Greenhouse effect, Atmospheric
9 (RLIN) 114173
830 #0 - SERIES ADDED ENTRY--UNIFORM TITLE
Uniform title Considering conservation
942 ## - ADDED ENTRY ELEMENTS (KOHA)
Source of classification or shelving scheme Dewey Decimal Classification
Koha item type Books
Holdings
Lost status Source of classification or shelving scheme Damaged status Not for loan Collection code Permanent Location Current Location Shelving location Date acquired Source of acquisition Total Checkouts Full call number Date last seen Copy number Koha item type
  Dewey Decimal Classification   Not For Loan Non-fiction Institute of Biological Sciences (IBSc) Library Institute of Biological Sciences (IBSc) Library   19/11/2014 British Council.   551.6 NEG 1989 19/11/2014 C-1 Books